Traduction de mots anglais commençant par MO - Statistiques

Statistiques générales
  • Ce quiz a été pris 235 fois
  • Le résultat moyen est 12 sur 16
Statistiques - réponses
Mot français Mot anglais % Correct
Lundi Monday
100%
Mère Mother
99%
Argent Money
97%
Matin Morning
97%
Lune Moon
96%
Singe Monkey
94%
Monstre Monster
93%
Film Movie
93%
Bouche Mouth
91%
Montagne Mountain
85%
Plus More
84%
Moteur Motor
77%
Moustique Mosquito
64%
Taupe Mole
28%
Maquette Model
18%
Mite Moth
16%
Aucun quiz correspondant
Distribution des résultats
% des personnes avec chaque résultat
Percentile par nombre de réponses
Votre historique - résultats
Vous n’avez pas pris ce quiz